Ariana Grande Billboard hot 100 songs - Statistics

General Stats
  • This quiz has been taken 292 times
    32 since last reset
  • The average score is 63 of 98
Answer Stats
peak Year of peak: Song: % Correct
3 2018 no tears left to cry
100%
1 2019 7 rings
93%
8 2018 God is a woman
93%
13 2015 One Last Time
93%
2 2014 Problem
93%
1 2018 thank u, next
93%
1 2024 we can't be friends (wait for your love)
93%
2 2021 34+35
89%
13 2016 Into You
89%
1 2020 positions
89%
4 2016 Side To Side
89%
1 2024 yes, and?
89%
3 2014 Bang Bang
86%
4 2014 Break Free
86%
8 2016 Dangerous Woman
86%
1 2020 Rain On Me
86%
1 2021 Save Your Tears (Remix)
86%
2 2019 break up with your girlfriend, i'm bored
82%
1 2023 Die For You - Remix
82%
17 2024 supernatural
82%
9 2013 The Way
82%
17 2019 NASA
79%
14 2019 needy
79%
27 2020 pov
79%
16 2024 the boy is mine
79%
22 2019 bloodline
75%
7 2014 Love Me Harder
75%
53 2024 Popular
75%
55 2018 sweetener
75%
8 2019 boyfriend
71%
12 2018 breathin
71%
25 2024 bye
71%
7 2015 Focus
71%
25 2019 ghostin
71%
21 2019 imagine
71%
37 2024 imperfect for you
71%
48 2019 make up
71%
55 2024 ordinary things
71%
72 2018 R.E.M
71%
54 2025 warm
71%
21 2013 Baby I
68%
27 2019 bad idea
68%
23 2024 eternal sunshine
68%
26 2019 fake smile
68%
75 2020 love language
68%
49 2020 nasty
68%
1 2020 Stuck with U
68%
89 2018 the light is coming
68%
18 2025 twilight zone
68%
44 2024 Defying Gravity
64%
28 2024 don't wanna break up again
64%
62 2018 everytime
64%
59 2025 Hampstead
64%
38 2024 intro (end of the world)
64%
32 2020 motive
64%
65 2020 my hair
64%
53 2025 past life
64%
52 2020 safety net
64%
39 2024 i wish i hated you
61%
69 2019 MONOPOLY
61%
35 2020 off the table
61%
99 2018 pete davidson
61%
84 2013 Right There
61%
30 2024 true story
61%
42 2018 Bed
57%
38 2025 dandelion
57%
13 2019 Don't Call Me Angel
57%
43 2020 just like magic
57%
70 2020 obvious
57%
87 2013 Popular Song
57%
5 2024 Santa Tell Me
57%
63 2020 six thirty
57%
43 2016 Be Alright
54%
55 2017 Everyday
54%
38 2019 in my head
54%
99 2016 Let Me Love You
54%
86 2024 No One Mourns The Wicked
54%
47 2020 shut up
54%
71 2020 west side
54%
87 2018 goodnight n go
50%
49 2014 Best Mistake
46%
43 2025 For Good
46%
62 2024 What Is This Feeling?
46%
61 2021 Met Him Last Night
43%
36 2024 Sympathy Is A Knife
43%
61 2021 test drive
43%
82 2013 Almost Is Never Enough
39%
86 2024 Dancing Through Life
36%
57 2021 I Don't Do Drugs
36%
93 2015 Adore
32%
76 2023 Santa, Can't You Hear Me
32%
100 2025 The Girl in the Bubble
32%
87 2017 Beauty and the Beast
29%
88 2015 Get On Your Knees
29%
76 2020 Oh Santa!
29%
96 2017 Heatstroke
25%
96 2013 Last Christmas
25%
94 2019 Rule The World
21%
No matching quizzes found
Score Distribution
Percent of People with Each Score
Percentile by Number Answered
Your Score History
You have not taken this quiz since the last reset